000 00219nam a22001097a 4500
041 _aeng
080 _a80
100 _aBluestein, Jane E.
245 _aBeing A Successfull Teacher.
650 _aScience
999 _c279001
_d279001
942 _cBK